Commonest Words in Percy Jackson Quiz Stats

Quiz Updated May 8, 2017

Challenge
Share
Tweet
Embed
Score 0/299 Timer 20:00
0 Plays Today
Frequency Word % Correct
9000A
96.4%
829An
90.5%
20578The
89.2%
★890★Percy
89%
13782I
87.1%
4215He
81.5%
556Go
79.3%
★1860★Annabeth
74%
★1227★Grover
69.4%
★229★Zeus
68.2%
3121She
67.7%
★231★God
67.4%
2837Her
67.4%
2483We
66.5%
★269★Poseidon
63.4%
8623And
62%
2138Had
61.2%
5360You
60.6%
3677Me
60.5%
2563At
59.7%
808Are
59.7%
1457Be
59.2%
8866To
59%
1195No
57.5%
4367It
56.5%
934Do
55.6%
1392Is
55.1%
★218★Hades
53.5%
1164So
53.4%
4548In
53.2%
★666★Luke
53%
2468On
52.9%
★181★Jackson
52.6%
1423They
52.5%
198Half
51.1%
6618Of
50.5%
★587★Chiron
49.3%
★438★Gods
48.8%
3779My
47.5%
1561What
47.4%
★448★Camp
46.6%
838When
46%
★356★Sword
45.9%
403Why
44.8%
627Can
44.7%
366Where
44.1%
2110For
44%
3030His
42.7%
715Or
42.4%
728How
42.1%
320Water
41.9%
230Sea
41.8%
222Under
41.6%
977There
41.6%
1342Not
41%
540Who
40.9%
6128Was
40.1%
270Yes
40%
2924That
39.5%
1450Him
39.3%
1295Have
39.3%
★282★Monster
39.2%
★373★Kronos
38.9%
807Will
38.4%
★520★Thalia
38.3%
1064One
38.2%
1083Us
37.7%
1024Your
37.6%
★496★Nico
37%
★226★Ares
37%
1719Were
37%
3529But
36.8%
312Three
36.5%
457Two
36.4%
564Their
36.2%
3487Said
36.1%
★217★Olympus
36%
924Then
35.9%
266Mom
35.8%
631See
35.6%
1916As
35.4%
1090Could
34.9%
1460Up
34.9%
★330★Clarisse
34.8%
1270If
34.6%
★627★Tyson
34.5%
833Them
34.4%
189Don
34%
610Too
34%
1194This
33.9%
893Would
32.7%
487Did
32.4%
2044Like
32.3%
199Fight
32.1%
233Mr
31.2%
1151All
30.9%
★208★Hermes
30.6%
249Should
30.4%
1551Out
30.2%
242Has
30.1%
Frequency Word % Correct
★213★Half-Blood
30.1%
194Blue
29.9%
287Say
29.5%
204Can't
29.4%
867Down
29.2%
255Man
28.8%
656Don't
28.6%
1404From
28.5%
609Our
28.2%
2550With
27.5%
503Good
27%
442I'm
26.9%
785Time
26.5%
★207★Bianca
26.5%
670Over
26.3%
433Look
26.1%
285New
26%
603By
25.9%
259Ever
25.9%
222Girl
25.8%
★192★Artemis
25.8%
870Get
25.4%
364Big
25.4%
508Some
25.2%
290Black
25%
393It's
25%
309Its
25%
218Father
24.9%
199Boy
24.8%
170Kill
24.3%
551Here
24.2%
369Because
24.1%
375Than
24.1%
847Know
24%
372You're
23.8%
796Now
23.7%
★317★Rachel
23.4%
1184Just
23.3%
175World
23.1%
228Didn't
23%
235Went
22.9%
180Mother
22.9%
409Want
22.8%
225Dead
22.6%
622Off
22.4%
244Bad
22.2%
774Right
22.1%
474Never
21.9%
433Come
21.9%
927Been
21.8%
★241★Cabin
21.7%
721Got
21.6%
169Every
21.6%
338Saw
21.2%
★353★Zoe
21.1%
400Think
20.9%
340Oh
20.8%
177Red
20.8%
178Green
20.8%
1052Back
20.6%
244Ran
20.5%
219Fire
19.9%
520More
19.7%
515Going
19.5%
304Any
19.4%
1215Into
19.2%
214Mrs
19.1%
505Well
18.9%
320Thing
18.9%
461Thought
18.7%
330After
18.6%
708Eyes
18.5%
256Left
18.4%
302Take
18.4%
211I'll
17.9%
372Make
17.8%
184Those
17.8%
353Help
17.6%
1430About
17.5%
379Old
17.5%
352Let
17.5%
342Hand
17.4%
539Before
17.4%
181He's
17.3%
618Way
17.3%
194White
17%
196Most
16.5%
★273★Monsters
16.5%
629I'd
16.4%
181Life
16.3%
438Head
16.3%
171Great
16%
358First
15.6%
396Last
15.6%
324Couldn't
15.6%
511Through
15.4%
237Find
15.4%
247Hair
15.3%
244Very
15.2%
306Came
15%
Frequency Word % Correct
341Maybe
15%
270Must
14.9%
171Dark
14.8%
181People
14.7%
395Long
14.6%
185Feel
14.6%
431Knew
14.6%
409Which
14.5%
201Might
14.5%
295Need
14.4%
265Seen
14.4%
520Only
14.4%
532Made
14.2%
703Around
14.2%
387Tell
14.2%
409Little
14.1%
586Even
14%
172Stop
13.9%
1017Looked
13.7%
525Other
13.7%
207Friends
13.7%
224Yeah
13.7%
452Away
13.6%
202Put
13.6%
210Always
13.4%
339Again
13.2%
657Something
13.1%
199Being
13.1%
312Took
13%
453Much
13%
346Really
12.8%
604Told
12.4%
236Nothing
12.3%
483Face
12.1%
321Side
12.1%
250Heard
11.9%
313Next
11.9%
309Feet
11.8%
421Wasn't
11.7%
355Mean
11.7%
526Asked
11.5%
216Okay
11.5%
186Lot
11.5%
183Inside
11.4%
180Front
11.2%
179Place
11.2%
201Once
11.1%
203Hard
11.1%
332Wanted
10.8%
314Felt
10.7%
211Found
10.6%
290Yelled
10.6%
217Things
10.5%
241Hands
10.4%
340That's
10.3%
241Better
10.3%
★214★Bronze
10.3%
241Anything
10.2%
328Behind
10.1%
211Until
10.1%
370Tried
9.9%
516Still
9.8%
239Keep
9.8%
255Another
9.7%
213Kind
9.6%
367Sure
9.6%
186While
9.5%
222He'd
9.5%
176Lord
9.4%
175Same
9.4%
173Guy
9.4%
253Few
9.3%
198Against
9.2%
435Toward
9%
174She'd
9%
179Each
9%
201Pretty
8.9%
210Huge
8.7%
274Looking
8.7%
234Years
8.5%
233Sound
8.2%
236Across
8%
172Sorry
8%
178Coming
7.9%
260Room
7.6%
287Almost
7.5%
170Getting
7.5%
231Enough
7.3%
202Stood
7.3%
375Voice
7.2%
181Called
7.2%
458Turned
7.1%
294Trying
7%
226Kept
6.8%
180Whole
6.8%
314Seemed
6.6%
285Started
6.2%
190Stared
5.6%
218Nodded
5.1%

You're not logged in!

Compare scores with friends on all Sporcle quizzes.
Sign Up with Email
OR
Log In

You Might Also Like...

Show Comments

Extras

Top Quizzes Today


Score Distribution

Your Account Isn't Verified!

In order to create a playlist on Sporcle, you need to verify the email address you used during registration. Go to your Sporcle Settings to finish the process.